Responses for show #4599 - Thursday, September 9, 2004

Ken Jennings game 42.

Contestants

[<< previous game]

Todd Perkins, a private school administrator from Vacaville, California

Amy Helmes, a writer originally from Cincinnati, Ohio

Ken Jennings, a software engineer from Salt Lake City, Utah (whose 41-day cash winnings total $1,380,661)

[next game >>]

Jeopardy! Round responses

EUROPEAN CAPITALS
PRO FOOTBALL
PLANT THE EVIDENCE
ROYAL HOUSES
THE COIN BOX
"M"-BRACE ME
    $200 1
(Ken: What is Berlin?)

Amsterdam

KenTodd
    $200 27
New Orleans

Ken
    $200 16
a Joshua Tree

Ken
    $200 6
Hanover

Ken
    $200 11
In God We Trust

Ken
    $200 21
"Merrily"

Amy
    $400 2
Vilnius

Ken
    $400 28
Field Goals (FGs)

Ken
    $400 17
butterflies

Ken
    $400 7
Tudor

Todd
    $400 12
(Amy: What is Greenland?)

Iceland

AmyTodd
    $400 22
meter

Ken
    $600 3
Warsaw

Amy
    $600 29
Detroit Lions

Ken
    $600 18
DeWitt Clinton

Ken
    $600 8
Stuart

Ken
    $600 13
Ireland

Ken
    $600 23
mausoleum

Ken
    $800 4
Athens

Ken
    $800 26
John Madden

Ken
    $800 19
Legume

Ken
    $800 9
Orange

Ken
    $2,100 14
(Ken: What are Buffalo dimes?)

Mercury dimes (or winged liberty dimes)

Ken
    $800 24
Messerschmitt

Ken
    $1000 5
Lisbon

Ken
    $1000 30
(Ken: What's the Silver Curtain?)

Hogs

KenTodd
    $1000 20
marjoram

Triple Stumper
    $1000 10
The Merry Wives of Windsor

Ken
    $1000 15
Canada

Ken
    $1000 25
(Ken: What is Mississippi?)

Maryland

KenTodd

Scores at the first commercial break (after clue 11):

Ken Amy Todd
$4,800 $600 $600

Scores at the end of the Jeopardy! Round:

Ken Amy Todd
$8,100 $400 $3,000

Double Jeopardy! Round responses

DR. SEUSS MEETS THE BARD, REDUX
CHARADES
19th CENTURY WOMEN
CONTRACTIONS
JAMES
BOND, COMMON BOND
    $400 6
Julius Caesar

Ken
    $400 16
Dance Fever

Ken
    $400 1
Dolley Madison

Ken
    $400 21
don't

Ken
    $400 30
James Dean

Ken
    $400 11
letters

Ken
    $800 7
Macbeth

Ken
    $800 17
Heartburn

Amy
    $800 2
Napoleon

Ken
    $800 22
I'll

Amy
    $800 29
James Cook

Ken
    $800 12
nuts

Ken
    $1200 8
Henry V

Todd
    $1200 18
Diamonds Are Forever

Todd
    $1200 3
Annie Oakley

Ken
    $1200 23
ain't

Amy
    $1200 28
James Watt

Ken
    $1200 13
auctions

Ken
    $1600 9
King Lear

Ken
    $1600 19
"Candle In The Wind"

Ken
    $4,500 4
Julia Ward Howe

Ken
    $1600 24
here's

Ken
    $1600 27
James Baldwin

Ken
    $5,800 14
(Ken: What are French things?)

things that have stays

Ken
    $2000 10
The Merchant of Venice

Ken
    $2000 20
Rabbit, Run

Amy
    $2000 5
Mary Baker Eddy

Ken
    $2000 25
shan't

Todd
    $2000 26
James Buchanan

Todd
    $2000 15
partners of someone named Lewis

Ken

Scores at the end of the Double Jeopardy! Round:

Ken Amy Todd
$28,400 $5,200 $9,400
(lock game)

[wagering suggestions for these scores]

Final Jeopardy! Round responses

PRESIDENTS
AmyWho is Kennedy and Taft?
$0
ToddWho are JFK and J. Q. Adams?
$1,001
KenWho are JFK and Cleveland
$6,600
(2 of) Kennedy, Garfield, and Harding

Final scores:

Ken Amy Todd
$21,800 $5,200 $8,399
42-day champion: $1,402,461 3rd place: $1,000 2nd place: $2,000

Game dynamics:

Coryat scores:

Ken Amy Todd
$33,400 $5,200 $9,400
42 R
(including 1 DD),
5 W
(including 2 DDs)
6 R,
1 W
9 R,
0 W

Combined Coryat: $48,000

The J! Archive is created by fans, for fans. The Jeopardy! game show and all elements thereof, including but not limited to copyright and trademark thereto, are the property of Jeopardy Productions, Inc. and are protected under law. This website is not affiliated with, sponsored by, or operated by Jeopardy Productions, Inc. Join the discussion at JBoard.tv.